000 00836nam a22002777a 4500
001 BR9100175
003 BR-BrBNA
005 20230928093455.0
007 ta
008 230509b bl.||||| |||| 00| 0 por d
040 _aBR-BrBNA
_bpor
_cBiblioteca Nacional de Agricultura
041 _a(Por)
072 _aP10; E10
_b/G514
_b/GZ36
090 _ P10 BR9100175
100 1 _aSimas, J.R.
110 1 _aDepartamento Nacional de Obras Contra as Secas, Fortaleza, CE (Brasil)
245 1 _aRio Jaguaribe necessidade de uma politica de aguas voltada para o desenvolvimento economico
260 3 _aFortaleza. CE (Brasil):
_c1988.
300 _a14 p.
650 _aRECURSO HIDRICO
650 _aDESENVOLVIMENTO ECONOMICO
650 _aVALE DO JAGUARIBE
650 _aCEARA
909 _a202309
_bLucia
_c55
_dLucia Elande
942 _cBK
999 _c45206
_d45206